000
00208 a2200097 4500
001
20027
100
_a
S C I
245
_a
Semiconductors & Integrated Circuits
260
_a
_b
S C I
_c
090
_c
14621
_d
14621
942
_a
NUST-CAE
_c
M
_c
5138
999
_c
255100
_d
255100